Towards zero-emission efficient and resilient buildings (Record no. 116041)

MARC details
000 -LEADER
fixed length control field 00798cam a22002175a 4500
001 - CONTROL NUMBER
control field L159604
008 - FIXED-LENGTH DATA ELEMENTS--GENERAL INFORMATION
fixed length control field 070404s2016 xxko f 000 0 eng d
035 ## - SYSTEM CONTROL NUMBER
System control number (Sirsi) u159604
041 0# - LANGUAGE CODE
Language code of text/sound track or separate title eng
110 2# - MAIN ENTRY--CORPORATE NAME
Corporate name or jurisdiction name as entry element Global Alliance for Buildings and Construction
245 00 - TITLE STATEMENT
Title Towards zero-emission efficient and resilient buildings
Remainder of title global status report 2016
Medium [electronic resource]
260 ## - PUBLICATION, DISTRIBUTION, ETC.
Place of publication, distribution, etc. London
Name of publisher, distributor, etc. RICS
Date of publication, distribution, etc. 2016
651 #4 - SUBJECT ADDED ENTRY--GEOGRAPHIC NAME
Geographic name England and Wales
Chronological subdivision 1543-
690 ## - LOCAL SUBJECT ADDED ENTRY--TOPICAL TERM (OCLC, RLIN)
Topical term or geographic name as entry element ABOUT RICS
700 1# - ADDED ENTRY--PERSONAL NAME
Personal name Dean, Brian
700 1# - ADDED ENTRY--PERSONAL NAME
Personal name Dulac, John
700 1# - ADDED ENTRY--PERSONAL NAME
Personal name Petrichenko, Ksenia
700 1# - ADDED ENTRY--PERSONAL NAME
Personal name Graham, Peter
856 48 - ELECTRONIC LOCATION AND ACCESS
Uniform Resource Identifier <a href="https://wbef.rics.org/contentassets/19543cc253854094b2033c6b008f5980/zero_emission_global_status_report_140917_rt.pdf">https://wbef.rics.org/contentassets/19543cc253854094b2033c6b008f5980/zero_emission_global_status_report_140917_rt.pdf</a>
Public note View the item free of charge at www.wbef.rics.org...
942 ## - ADDED ENTRY ELEMENTS (KOHA)
Suppress in OPAC 0
Holdings
Withdrawn status Lost status Source of classification or shelving scheme Damaged status Not for loan Home library Current library Shelving location Date acquired Total Checkouts Full call number Barcode Date last seen Copy number Price effective from Koha item type
    Dewey Decimal Classification     Virtual Virtual Online 26/10/2017   ONLINE PUBLICATION 159604-2001 06/08/2019 1 06/08/2019 Book